Automotív

Guardado en:
Detalles Bibliográficos
Autor principal: Rarogiewicz, Lukáš (Autor)
Otros Autores: Baroňák, Ivan (Orientador)
Formato: Manuscrito Libro
Lenguaje:eslovaco
Publicado: 2025
Materias:
Acceso en línea:http://is.stuba.sk/zp/portal_zp.pl?podrobnosti=184633
Etiquetas: Agregar Etiqueta
Sin Etiquetas, Sea el primero en etiquetar este registro!

MARC

LEADER 00000ntm a22000003a 4500
001 stuzp102082
003 SK-STU
005 20250614210940.9
007 ta
008 150427s2015----xo-----f-mn---000-0-slo-d
040 |a STU  |b slo 
041 0 |a slo 
100 1 |a Rarogiewicz, Lukáš  |u 037000  |4 aut  |U FEI Fakulta elektrotechniky a informatiky  |T FEI Ústav multimediálnych informačných a komunikačných technológií  |X 104571  |U E070  |Y 818  |7 104571 
242 0 1 |a Automotive  |y eng 
245 1 0 |a Automotív 
260 |c 2025 
650 4 |a V2I  |2 eng 
650 4 |a simu5G  |2 eng 
650 4 |a simuLTE  |2 eng 
650 4 |a OMNeT++  |2 eng 
650 4 |a LTE  |2 eng 
650 4 |a 5G  |2 eng 
650 4 |a Veins  |2 eng 
650 4 |a V2X  |2 eng 
650 4 |a SUMO  |2 eng 
650 4 |a simulation  |2 eng 
650 4 |a Veins  |2 slo 
650 4 |a V2X  |2 slo 
650 4 |a simu5G  |2 slo 
650 4 |a simuLTE  |2 slo 
650 4 |a LTE  |2 slo 
650 4 |a V2I  |2 slo 
650 4 |a SUMO  |2 slo 
650 4 |a 5G  |2 slo 
650 4 |a simulácia  |2 slo 
650 4 |a OMNeT++  |2 slo 
700 1 |a Baroňák, Ivan  |u 037000  |k Z1  |4 ths  |U FEI Fakulta elektrotechniky a informatiky  |T FEI Ústav multimediálnych informačných a komunikačných technológií  |X 1925  |U E070  |Y 818  |7 A000001925 
856 4 |u http://is.stuba.sk/zp/portal_zp.pl?podrobnosti=184633